Central Library and Information Centre
Sibsagar Girls' College, Sivasagar : Assam

DHARMAPADA (Record no. 25399)

MARC details
000 -LEADER
fixed length control field 00356nam a22001457a 4500
005 - DATE AND TIME OF LATEST TRANSACTION
control field 20230622134131.0
008 - FIXED-LENGTH DATA ELEMENTS--GENERAL INFORMATION
fixed length control field 220505b ||||| |||| 00| 0 eng d
040 ## - CATALOGING SOURCE
Transcribing agency OCLC
082 ## - DEWEY DECIMAL CLASSIFICATION NUMBER
Edition number DDC
Classification number 028.7
Item number SAN
100 ## - MAIN ENTRY--PERSONAL NAME
Personal name MAHASTABIR NANDA BONGSH
245 ## - TITLE STATEMENT
Title DHARMAPADA
260 ## - PUBLICATION, DISTRIBUTION, ETC.
Place of publication, distribution, etc. JORHAT
Name of publisher, distributor, etc. ASOM SAHITYA SABHA
Date of publication, distribution, etc. 2000
300 ## - PHYSICAL DESCRIPTION
Extent 1-p
Dimensions 20CM
942 ## - ADDED ENTRY ELEMENTS (KOHA)
Source of classification or shelving scheme Dewey Decimal Classification
Koha item type Books
Holdings
Withdrawn status Lost status Source of classification or shelving scheme Damaged status Not for loan Collection code Home library Current library Shelving location Date acquired Source of acquisition Full call number Barcode Date last seen Copy number Price effective from Koha item type Public note
    Dewey Decimal Classification     REFASM Central Library and Information Centre Sibsagar Girls College Central Library and Information Centre Sibsagar Girls College BBLMC 18.02.2022 BBMC 028.7 SAN 45597 05.05.2022 1 05.05.2022 Books Donated by B.Borkotoky Family


Sibsagar Girl's College © 2020. All rights reserved.
Powered by Koha.
Maintained by Abhijit Borpuzari.